02748cam a2200301 a 45000010009000000050017000090080041000260100017000670150019000840160018001030200023001210200025001440200020001690200022001890350024002110400064002350500024002990820016003232450109003392600045004483000034004935040051005275051749005786500038023276500026023656500027023917000028024181587252220230314115716.0090819s2010 enka b 001 0 eng  a 2009034278 aGBA9A24022bnb7 a0153977292Uk a9781441183798 (hc) a9781441178718 (pbk.) a1441183795 (hc) a1441178716 (pbk.) a(OCoLC)ocn432595259 aDLCcDLCdBWKdC#PdUKMdBTCTAdYDXCPdSINIEdBWXdCDXdDLC00aLB1028b.E3133 201000a370.7/222200aEducational research and inquiry :bqualitative and quantitative approaches /cedited by Dimitra Hartas. aLondon ;aNew York :bContinuum,cc2010. axiv, 458 p. :bill. ;c25 cm. aIncludes bibliographical references and index.0 aEducational research and inquiry: key issues and debates / Dimitra Hartas -- The epistemological context of quantitative and qualitative research / Dimitra Hartas -- Qualitative research as a method of inquiry in education / Will Gibson -- Quantitative research as a method of inquiry in education / Dimitra Hartas -- Research questions and research design / Denis Gleeson -- Doing a literature review / Dimitra Hartas -- Ethical considerations and legal issues in educational research / Geoff Lindsay -- Action research / Andy Townsend -- Ethnographic encounters with children / Pia Christensen -- Children's and young people's participation within educational and civic settings: a comparative case study approach to research / Michael Wyness -- Researching classroom interaction and talk / David Wray and Kristiina Kumpulainen -- Documentary research / Wendy Robinson -- The application of visual methodology in the exploration of the visual culture of schools / Jon Prosser and Andrew Loxley -- Interviewing as educational research method(s) / Andrew J. Hobson and Andrew Townsend -- Experimental and quasi-experimental designs in educational research / Dimitra Hartas -- Survey research in education / Dimitra Hartas -- Evaluation research in education / Dimitra Hartas -- Qualitative research analysis in education / Will Gibson -- Key concepts and assumptions in quantitative data analysis / Dimitra Hartas -- Preparing and inputting data in SPSS15 / Dimitra Hartas -- Exploring quantitative data / Dimitra Hartas -- Between group differences: comparing two or more means / Dimitra Hartas -- Correlation and regression / Steve Strand -- Exploratory factor analysis / Dimitra Hartas -- Writing up and presenting research / Alan Pritchard. 0aEducationxResearchxMethodology. 0aQualitative research. 0aQuantitative research.1 aHartas, Dimitra,d1966-